| 000 | 00638nam a2200193Ia 4500 | ||
|---|---|---|---|
| 005 | 20260629163253.0 | ||
| 008 | 260629s9999||||xx |||||||||||||| ||und|| | ||
| 020 |
_a8189293001 _qpbk |
||
| 020 |
_a9788189293000 _qpbk |
||
| 082 |
_a801.95 _bGAN.2E |
||
| 100 | _aGangopadhyay, Avik | ||
| 245 | 0 | _aLiterary theories and criticism beyond modernism [2nd ed.] | |
| 250 | _a1st ed. 2005 ; 2nd rev. ed. 2010 | ||
| 260 |
_aKolkata _bBooks way Publishers and Distributors _c2010 |
||
| 300 | _axvii, 401p. ; 22cm. | ||
| 653 | _aLiterary theory and criticism, contemporary period | ||
| 653 | _aPhilosophy and theory of literature | ||
| 942 | _cBK | ||
| 999 |
_c57264 _d57264 |
||